|
|
|
|
| LEADER |
00000nam0a2200000 4500 |
| 001 |
218424 |
| 005 |
20231031194911.0 |
| 035 |
|
|
|a (RuTPU)RU\TPU\book\238452
|
| 035 |
|
|
|a RU\TPU\book\130977
|
| 090 |
|
|
|a 218424
|
| 100 |
|
|
|a 20120620d1989 km a0rusy5003 ca
|
| 101 |
0 |
|
|a rus
|
| 102 |
|
|
|a RU
|
| 105 |
|
|
|a a z 000zy
|
| 200 |
1 |
|
|a Вопросы аэрогидромеханики и тепломассообмена
|e [сборник статей]
|f Томский государственный университет (ТГУ), Научно-исследовательский институт прикладной математики и механики (НИИПММ) ; под ред. В. А. Шваба
|
| 210 |
|
|
|a Томск
|c Изд-во Томского ун-та
|d 1989
|
| 215 |
|
|
|a 268 с.
|c ил.
|
| 610 |
1 |
|
|a аэрогидродинамика
|
| 610 |
1 |
|
|a вопросы
|
| 610 |
1 |
|
|a тепломассообмен
|
| 610 |
1 |
|
|a сборники
|
| 675 |
|
|
|a 532
|v 3
|
| 675 |
|
|
|a 536.24
|v 3
|
| 702 |
|
1 |
|a Шваб
|b В. А.
|g Вениамин Андреевич
|4 340
|
| 712 |
0 |
2 |
|a Томский государственный университет (ТГУ)
|b Научно-исследовательский институт прикладной математики и механики (НИИПММ)
|2 stltpush
|3 (RuTPU)RU\TPU\col\2241
|
| 801 |
|
0 |
|a RU
|b 63413507
|c 19950704
|g psbo
|
| 801 |
|
1 |
|a RU
|b 63413507
|c 20070907
|g PSBO
|
| 801 |
|
2 |
|a RU
|b 63413507
|c 20121114
|g PSBO
|
| 942 |
|
|
|c BK
|